Carta pastoral del Ilustrísimo señor Don Ramón Angel Jara, Obispo de San Carlos de Ancud, al tomar posesión de su diócesis

Gardado en:
Detalles Bibliográficos
Autor Principal: Jara, Ramón Ángel (Author)
Formato: Libro
Idioma:Lingua castelá
Publicado: Santiago Imprenta de Emilio Pérez L. 1898
Edición:1a. ed
Subjects:
Tags: Engadir etiqueta
Sen Etiquetas, Sexa o primeiro en etiquetar este rexistro!

MARC

LEADER 00000nam a2200000 a 4500
001 UCJ4900
003 CL-VaPUC
008 070124e18980929CL |||||||||||||||||spa|d
082 0 4 |a 262  |b JAR  |2 21 
100 |a Jara, Ramón Ángel  |e author  |9 482882 
245 1 0 |a Carta pastoral del Ilustrísimo señor Don Ramón Angel Jara, Obispo de San Carlos de Ancud, al tomar posesión de su diócesis 
250 |a 1a. ed 
300 |a 32 p 
942 |c BK 
945 |d 20070124 00:00:00  |a rinostro 
260 |a Santiago  |b Imprenta de Emilio Pérez L.  |c 1898 
500 |a En la portada, escudo del Obispo Ramón Angel Jara. Empastado junto a otras obras del mismo autor en un volumen rotulado Jara, Varios; ubicación, 983 JAR 
650 7 |a PASTORAL  |2 CL-VaPUC  |9 397996 
650 7 |a OBISPOS  |2 CL-VaPUC  |9 509390 
650 7 |a HERALDICA  |2 CL-VaPUC  |9 388228 
650 0 |a Oratoria sagrada  |9 315619 
651 7 |a ANCUD  |2 CL-VaPUC  |9 394206 
583 |a last modification  |c 20070124 00:00:00  |k Rodrigo Vera 
999 |c 321015  |d 321013 
952 |0 0  |1 0  |4 0  |6 262_000000000000000_JAR_1898  |7 0  |8 X  |9 399670  |a FDOBUD  |b FDOBUD  |d 2019-11-22  |i 1027549  |o 262 JAR 1898  |p 1027549  |r 2019-11-22  |w 2019-11-22  |y BK_X  |k BUD